The historical Bible, Vol. 1: (Record no. 15394)

000 -LEADER
fixed length control field 00622nam a2200181 a 4500
001 - CONTROL NUMBER
control field :::00014228$&:&@@
003 - CONTROL NUMBER IDENTIFIER
control field OkBaRHE
005 - DATE AND TIME OF LATEST TRANSACTION
control field 20000829083226.0
008 - FIXED-LENGTH DATA ELEMENTS--GENERAL INFORMATION
fixed length control field s1913 j 000 0 eng u
040 ## - CATALOGING SOURCE
Transcribing agency
100 1# - MAIN ENTRY--PERSONAL NAME
Personal name Kent, Charles Foster, 1867-1925,
245 14 - TITLE STATEMENT
Title The historical Bible, Vol. 1:
Remainder of title The heroes and crises of early hebrew history.
260 ## - PUBLICATION, DISTRIBUTION, ETC. (IMPRINT)
Place of publication, distribution, etc New York, NY., :
Name of publisher, distributor, etc Charles Scribner's Sons
Date of publication, distribution, etc c1913
300 ## - PHYSICAL DESCRIPTION
Extent 251 p. : illus. ;
Dimensions 19 cm.
650 ## - SUBJECT ADDED ENTRY--TOPICAL TERM
Topical term or geographic name as entry element Jesus Christ
General subdivision Biography
942 ## - ADDED ENTRY ELEMENTS (KOHA)
Source of classification or shelving scheme
Koha item type Books
Copies
Damaged status Price effective from Date last seen Koha item type Permanent Location Copy number Lost status Date acquired Not for loan Withdrawn status Source of classification or shelving scheme Barcode Full call number Shelving location
 2010-04-142010-04-14BooksRHEMA Bible Training College1 2010-04-14   14228BS 511 .K4General Stacks